Statistics for US aircraft carriers

Click here to take the quiz!

General Stats

  • This quiz has been taken 21 times
  • The average score is 6 of 11

Answer Stats

Hull numbercarrier name% Correct
CVN-78Gerald R. Ford
83%
CVN-68Nimitz
67%
CVN-76Ronald Reagan
67%
CVN-69Dwight D. Eisenhower
61%
CVN-72Abraham Lincoln
50%
CVN-77George H.W. Bush
50%
CVN-75Harry S. Truman
50%
CVN-71Theodore Roosevelt
50%
CVN-73George Washington
44%
CVN-70Carl Vinson
33%
CVN-74John C. Stennis
33%

Score Distribution

Percentile by Number Answered

Percent of People with Each Score

Your Score History

You have not taken this quiz